Mezzanine floor outbreak - a practical reality? (Record no. 74802)
[ view plain ]
| 000 -LEADER | |
|---|---|
| fixed length control field | 01807cab a2200241 4500 |
| 001 - CONTROL NUMBER | |
| control field | ABS68765 |
| 008 - FIXED-LENGTH DATA ELEMENTS--GENERAL INFORMATION | |
| fixed length control field | 050215n2005 000 0 eng u |
| 035 ## - SYSTEM CONTROL NUMBER | |
| System control number | (Sirsi) u128809 |
| 100 ## - MAIN ENTRY--PERSONAL NAME | |
| Personal name | Warren, R. |
| 245 ## - TITLE STATEMENT | |
| Title | Mezzanine floor outbreak - a practical reality? |
| 260 ## - PUBLICATION, DISTRIBUTION, ETC. | |
| Date of publication, distribution, etc. | 2005 |
| 490 ## - SERIES STATEMENT | |
| Series statement | Journal of Planning and Environment Law |
| Volume/sequential designation | February 2005, 156-158(3) |
| 520 ## - SUMMARY, ETC. | |
| Summary, etc. | Examines the current planning issues relating to the construction of mezzanine floors. Mezzanine floor construction is, according to the Town and Country Planning Act 1990 s55(2)(A), deemed to be internal works to a building, not development as defined by s55 of the Act and therefore not in need of planning consent. Local planning authorities, seeking to impose planning conditions on mezzanine construction to prevent occupiers from drastically increasing their floorspace at low cost, have succeeded in a number of cases and have also lobbied for legislative change. Powers under the Planning and Compulsory Purchase Act 2004 s49 when they are enacted may introduce a blanket ban on the introduction of mezzanines without planning permission but more likely a threshold will be introduced above which planning permission for mezzanines would be required. The anticipated proliferation of mezzanine construction before the new conditions are enforced has not materialised. Concludes that the future threshold might not however be the panacea for local authorities' problems created from unregulated mezzanines. |
| 590 ## - LOCAL NOTE (RLIN) | |
| Local note | ABS |
| 650 ## - SUBJECT ADDED ENTRY--TOPICAL TERM | |
| Topical term or geographic name entry element | MEZZANINES |
| 650 ## - SUBJECT ADDED ENTRY--TOPICAL TERM | |
| Topical term or geographic name entry element | FLOOR SPACE |
| 650 ## - SUBJECT ADDED ENTRY--TOPICAL TERM | |
| Topical term or geographic name entry element | LOCAL PLANNING |
| 650 ## - SUBJECT ADDED ENTRY--TOPICAL TERM | |
| Topical term or geographic name entry element | PLANNING PERMISSION |
| 650 ## - SUBJECT ADDED ENTRY--TOPICAL TERM | |
| Topical term or geographic name entry element | TOWN AND COUNTRY PLANNING ACT 1990 S55(2)(A) |
| 650 ## - SUBJECT ADDED ENTRY--TOPICAL TERM | |
| Topical term or geographic name entry element | PLANNING AND COMPULSORY PURCHASE ACT 2004 S49 |
| 690 ## - LOCAL SUBJECT ADDED ENTRY--TOPICAL TERM (OCLC, RLIN) | |
| Topical term or geographic name as entry element | PLANNING-PLANNING LAW |
| 942 ## - ADDED ENTRY ELEMENTS (KOHA) | |
| Suppress in OPAC | 0 |
| Withdrawn status | Lost status | Source of classification or shelving scheme | Damaged status | Not for loan | Home library | Current library | Shelving location | Date acquired | Total Checkouts | Full call number | Barcode | Date last seen | Copy number | Price effective from | Koha item type |
|---|---|---|---|---|---|---|---|---|---|---|---|---|---|---|---|
| Dewey Decimal Classification | London | London | Journal article | 15/02/2005 | ABS68765 | 128809-1001 | 06/08/2019 | 1 | 06/08/2019 | Journal article |